[Event "Titled Tuesday intern op 19th Dec Early"]
[Site "Chess.com INT"]
[Date "2023.12.19"]
[Round "3"]
[White "Antunez, Soler Luis"]
[Black "Ernst, Luca"]
[Result "1-0"]
[WhiteElo "2200"]
[BlackElo "2095"]
[PlyCount "93"]
[EventDate "2023.12.19"]
[EventType "swiss (blitz)"]
[EventRounds "11"]
[EventCountry "USA"]
[SourceTitle "CB52_2023"]
[SourceDate "2023.12.27"]
[SourceVersion "1"]
[SourceVersionDate "2023.12.27"]
[SourceQuality "1"]

1. e4 c5 2. Nf3 Nc6 3. Bb5 g6 4. c3 Nf6 5. Qe2 Bg7 6. 0-0 0-0 7. d4 cxd4 8. cxd4 d5 9. e5 Ne4 10. Nc3 Nxc3 11. bxc3 Bg4 12. Re1 Rc8 13. h3 Bxf3 14. Qxf3 Qa5 15. Bxc6 Rxc6 16. Bd2 e6 17. h4 h5 18. g4 hxg4 19. Qxg4 Qa4 20. Rec1 Qc4 21. Qg3 Qe2 22. Bg5 Rfc8 23. a4 b6 24. Kh2 Qb2 25. Rab1 Qa3 26. Bd2 Qxa4 27. h5 R6c7 28. hxg6 fxg6 29. Qxg6 Qe8 30. Qg4 Qf7 31. Rg1 Qxf2+ 32. Rg2 Qf7 33. Rbg1 Kf8 34. Qe2 Bxe5+ 35. Qxe5 Qh7+ 36. Kg3 Rg7+ 37. Kf2 Rxg2+ 38. Rxg2 Rc7 39. Bf4 Rf7 40. Qb8+ Ke7 41. Qd6+ Ke8 42. Qxe6+ Kf8 43. Qd6+ Ke8 44. Qe5+ Kd8 45. Ke3 Qh3+ 46. Rg3 Qd7 47. Rg8+ 1-0

[Event "Titled Tuesday intern op 12th Dec Early"]
[Site "Chess.com INT"]
[Date "2023.12.12"]
[Round "3"]
[White "Ernst, Luca"]
[Black "Sharapov, Evgeny"]
[Result "1-0"]
[WhiteElo "2095"]
[BlackElo "2375"]
[PlyCount "61"]
[EventDate "2023.12.12"]
[EventType "swiss (blitz)"]
[EventRounds "11"]
[EventCountry "USA"]
[SourceTitle "CB51_2023"]
[SourceDate "2023.12.20"]
[SourceVersion "1"]
[SourceVersionDate "2023.12.20"]
[SourceQuality "1"]

1. Nf3 c5 2. g3 Nc6 3. Bg2 e5 4. d3 g6 5. 0-0 Bg7 6. c4 Nge7 7. Nc3 d6 8. Bg5 0-0 9. Rb1 a5 10. a3 f6 11. Bd2 Be6 12. Qc1 Rb8 13. Ne4 b6 14. b4 axb4 15. axb4 cxb4 16. Bxb4 Nxb4 17. Rxb4 d5 18. Ned2 Qd6 19. Qb1 Rfc8 20. Rc1 Bf8 21. Rb2 Bh6 22. e3 d4 23. Ne4 Qc7 24. exd4 Bxc1 25. Qxc1 Kg7 26. dxe5 fxe5 27. Rb5 Nc6 28. Qc3 Bf5 29. Nxe5 Nxe5 30. Rxe5 Bxe4 31. Re7+ 1-0

[Event "Titled Tuesday intern op 12th Dec Early"]
[Site "Chess.com INT"]
[Date "2023.12.12"]
[Round "6"]
[White "Kim, Sergey2"]
[Black "Ernst, Luca"]
[Result "1-0"]
[WhiteElo "2295"]
[BlackElo "2095"]
[PlyCount "53"]
[EventDate "2023.12.12"]
[EventType "swiss (blitz)"]
[EventRounds "11"]
[EventCountry "USA"]
[SourceTitle "CB51_2023"]
[SourceDate "2023.12.20"]
[SourceVersion "1"]
[SourceVersionDate "2023.12.20"]
[SourceQuality "1"]

1. d4 Nf6 2. c4 g6 3. Nc3 d5 4. cxd5 Nxd5 5. e4 Nxc3 6. bxc3 Bg7 7. Bc4 c5 8. Ne2 0-0 9. 0-0 Nc6 10. Be3 Qc7 11. Rc1 a6 12. Qd2 b5 13. Bb3 Bb7 14. Bh6 Rfd8 15. Bxg7 Kxg7 16. f4 Qb6 17. Rcd1 b4 18. Bd5 e6 19. Bxc6 Bxc6 20. f5 bxc3 21. f6+ Kh8 22. Qh6 Rg8 23. d5 exd5 24. Rf3 c4+ 25. Kh1 c2 26. Qxh7+ Kxh7 27. Rh3# 1-0

[Event "Titled Tuesday intern op 14th Nov Early"]
[Site "Chess.com INT"]
[Date "2023.11.14"]
[Round "5"]
[White "Bogaudinov, Rushan"]
[Black "Ernst, Luca"]
[Result "1/2-1/2"]
[WhiteElo "1853"]
[BlackElo "2084"]
[PlyCount "148"]
[EventDate "2023.11.14"]
[EventType "swiss (blitz)"]
[EventRounds "11"]
[EventCountry "USA"]
[SourceTitle "CB47_2023"]
[SourceDate "2023.11.22"]
[SourceVersion "1"]
[SourceVersionDate "2023.11.22"]
[SourceQuality "1"]

1. e4 c5 2. Nf3 Nc6 3. Bb5 d6 4. 0-0 Bd7 5. c3 a6 6. Ba4 b5 7. Bc2 Bg4 8. h3 Bxf3 9. Qxf3 g6 10. a4 b4 11. Bb3 Nf6 12. d3 Rb8 13. cxb4 Nd4 14. Qd1 Nxb3 15. Qxb3 Rxb4 16. Qc2 Bg7 17. Bd2 Rb8 18. Bc3 0-0 19. Nd2 Qd7 20. Nc4 Nh5 21. Bxg7 Nxg7 22. f4 Ne6 23. f5 Nd4 24. Qf2 Rb3 25. Rad1 f6 26. a5 Kg7 27. Nb6 Qb7 28. Nc4 d5 29. exd5 Qxd5 30. fxg6 hxg6 31. Rfe1 e5 32. Re3 Nf5 33. Rf3 e4 34. Ne3 Nxe3 35. Rxe3 Rxd3 36. Rexd3 exd3 37. Qe3 c4 38. Qa7+ Rf7 39. Qxa6 Qd4+ 40. Kh2 Rc7 41. Qe6 Qe5+ 42. Qxe5 fxe5 43. Kg3 Kf6 44. Kf3 Kf5 45. Ke3 Ra7 46. Rc1 Rxa5 47. Rxc4 Rd5 48. g4+ Kg5 49. Kd2 Kh4 50. b4 Kxh3 51. g5 Kg3 52. Rc5 Rd4 53. Rxe5 Rxb4 54. Re6 Kg4 55. Rxg6 Kf5 56. Rg8 Rg4 57. Kxd3 Rxg5 58. Rf8+ Kg4 59. Re8 Rf5 60. Ke4 Rg5 61. Rf8 Rg6 62. Rf4+ Kg5 63. Rf5+ Kg4 64. Rd5 Re6+ 65. Kd3 Re1 66. Kd2 Re8 67. Kd3 Kf4 68. Rh5 Kg4 69. Rd5 Kf3 70. Rd7 Kf4 71. Rf7+ Ke5 72. Rf1 Kd5 73. Rf5+ Re5 74. Rxe5+ Kxe5 1/2-1/2

[Event "Titled Tuesday intern op 14th Nov Early"]
[Site "Chess.com INT"]
[Date "2023.11.14"]
[Round "2"]
[White "Ernst, Luca"]
[Black "Estrada Nieto, Julian"]
[Result "0-1"]
[WhiteElo "2084"]
[BlackElo "2212"]
[PlyCount "62"]
[EventDate "2023.11.14"]
[EventType "swiss (blitz)"]
[EventRounds "11"]
[EventCountry "USA"]
[SourceTitle "CB47_2023"]
[SourceDate "2023.11.22"]
[SourceVersion "1"]
[SourceVersionDate "2023.11.22"]
[SourceQuality "1"]

1. Nf3 d5 2. g3 Nf6 3. Bg2 Bf5 4. 0-0 e6 5. d3 Be7 6. Nbd2 0-0 7. Re1 h6 8. e4 Bh7 9. Qe2 Nbd7 10. b3 c6 11. Bb2 a5 12. a4 Qb6 13. Rad1 Bb4 14. c3 Be7 15. c4 dxe4 16. dxe4 Bb4 17. e5 Ne8 18. Rf1 Nc5 19. Ne1 Rd8 20. Bc1 Nc7 21. Bf3 Bc3 22. Ng2 Bd3 23. Qe3 Bxf1 24. Qxc3 Bxg2 25. Bxg2 Rd3 26. Qc2 Rfd8 27. Bf1 R3d7 28. Be2 N7a6 29. Nf3 Nb4 30. Rxd7 Nxc2 31. Rxd8+ Qxd8 0-1

[Event "Titled Tuesday intern op 14th Nov Early"]
[Site "Chess.com INT"]
[Date "2023.11.14"]
[Round "10"]
[White "Ernst, Luca"]
[Black "Osinovsky, Stepan"]
[Result "0-1"]
[WhiteElo "2084"]
[BlackElo "2241"]
[PlyCount "190"]
[EventDate "2023.11.14"]
[EventType "swiss (blitz)"]
[EventRounds "11"]
[EventCountry "USA"]
[SourceTitle "CB47_2023"]
[SourceDate "2023.11.22"]
[SourceVersion "1"]
[SourceVersionDate "2023.11.22"]
[SourceQuality "1"]

1. c4 Nf6 2. Nc3 g6 3. Nf3 Bg7 4. g3 0-0 5. Bg2 d6 6. 0-0 e5 7. d3 Nc6 8. Bg5 h6 9. Bxf6 Qxf6 10. Nd5 Qd8 11. Rb1 Nd4 12. Nxd4 exd4 13. b4 c6 14. Nf4 Be5 15. Qd2 Qg5 16. b5 c5 17. h4 Bxf4 18. Qxf4 Qxf4 19. gxf4 Re8 20. Rfe1 Re7 21. e3 Bf5 22. exd4 Rae8 23. Rxe7 Rxe7 24. dxc5 dxc5 25. Rd1 b6 26. d4 cxd4 27. Rxd4 Re1+ 28. Kh2 Re2 29. Kg3 Rxa2 30. Rd8+ Kg7 31. Bd5 Ra3+ 32. f3 Kf6 33. Rh8 h5 34. Rf8 Be6 35. Bxe6 Kxe6 36. Re8+ Kd7 37. Rf8 Ke7 38. Rc8 Kf6 39. Rc6+ Kf5 40. Rc7 f6 41. Rd7 Ra4 42. Rd5+ Ke6 43. Rd4 Rb4 44. Re4+ Kf5 45. Rd4 Rb1 46. Rd7 Ra1 47. Rd5+ Ke6 48. Rd4 Rc1 49. Kf2 Rh1 50. Kg3 Rg1+ 51. Kf2 Rc1 52. Kg3 Rc2 53. Kh3 Ke7 54. Kg3 Rc3 55. Kf2 Ra3 56. Kg3 a5 57. bxa6 Rxa6 58. Rd5 Ra4 59. Rb5 Rxc4 60. Rxb6 Rc5 61. Rb7+ Ke6 62. Rb6+ Kf5 63. Rb4 Rd5 64. Ra4 Rb5 65. Rc4 Rb1 66. Rc5+ Ke6 67. Ra5 Rg1+ 68. Kf2 Rb1 69. Kg3 Rb3 70. Ra6+ Kf7 71. Ra7+ Kg8 72. Ra8+ Kg7 73. Ra7+ Kh6 74. Rf7 Rb6 75. f5 g5 76. hxg5+ fxg5 77. Re7 Rf6 78. Re6 Kg7 79. Re5 Kf7 80. f4 g4 81. Kh4 Rh6 82. Kg5 Rh8 83. Re1 g3 84. Kh4 Rg8 85. Rg1 Rg4+ 86. Kh3 Kf6 87. Rxg3 Rxf4 88. Ra3 Rxf5 89. Ra6+ Kg5 90. Ra8 Rf3+ 91. Kg2 Rb3 92. Rg8+ Kh4 93. Rg7 Rb2+ 94. Kh1 Kh3 95. Rg1 Rh2# 0-1

[Event "Titled Tuesday intern op 26th Sep Early"]
[Site "Chess.com INT"]
[Date "2023.09.26"]
[Round "11"]
[White "Ernst, Luca"]
[Black "Hrebenshchykova, Yelyzaveta"]
[Result "0-1"]
[WhiteElo "2093"]
[BlackElo "2324"]
[PlyCount "34"]
[EventDate "2023.09.26"]
[EventType "swiss (blitz)"]
[EventRounds "11"]
[EventCountry "USA"]
[SourceTitle "EXT 2024"]
[Source "ChessBase"]
[SourceDate "2023.10.10"]
[SourceVersion "1"]
[SourceVersionDate "2023.10.10"]
[SourceQuality "1"]

1. e4 e5 2. Nf3 Nc6 3. Bc4 Nf6 4. Ng5 d5 5. exd5 Na5 6. Bb5+ c6 7. dxc6 bxc6 8. Bd3 Nd5 9. Nf3 Bd6 10. 0-0 0-0 11. Nc3 f5 12. Nxd5 cxd5 13. Be2 e4 14. Nd4 f4 15. d3 f3 16. gxf3 Bxh2+ 17. Kg2 Qh4 0-1

[Event "Titled Tuesday intern op 26th Sep Early"]
[Site "Chess.com INT"]
[Date "2023.09.26"]
[Round "5"]
[White "Ernst, Luca"]
[Black "Kleibel, Uwe"]
[Result "0-1"]
[WhiteElo "2093"]
[BlackElo "2302"]
[PlyCount "104"]
[EventDate "2023.09.26"]
[EventType "swiss (blitz)"]
[EventRounds "11"]
[EventCountry "USA"]
[SourceTitle "EXT 2024"]
[Source "ChessBase"]
[SourceDate "2023.10.10"]
[SourceVersion "1"]
[SourceVersionDate "2023.10.10"]
[SourceQuality "1"]

1. Nf3 d5 2. g3 Nf6 3. Bg2 e6 4. 0-0 Be7 5. c4 0-0 6. d4 c6 7. Nc3 a5 8. Nd2 b6 9. e4 Ba6 10. e5 Nfd7 11. b3 b5 12. Re1 b4 13. Na4 Nb6 14. Nxb6 Qxb6 15. c5 Qd8 16. Nf1 Bb5 17. Qg4 Kh8 18. Bd2 Nd7 19. Ne3 Bd3 20. f4 g6 21. Bf1 Bxf1 22. Rxf1 Qb8 23. h4 h5 24. Qh3 Qb5 25. g4 hxg4 26. Nxg4 Kg7 27. f5 exf5 28. Bh6+ Kg8 29. Ne3 Qd3 30. Rf3 Qxd4 31. Re1 Qxh4 32. Qxh4 Bxh4 33. Bxf8 Bxe1 34. Bd6 Bc3 35. Ng2 Nxe5 36. Re3 Re8 37. Kf1 f6 38. Nf4 Kf7 39. a3 d4 40. Rh3 Kg7 41. axb4 axb4 42. Kf2 Ng4+ 43. Kg3 Re3+ 44. Kh4 g5+ 45. Kh5 Rxh3+ 46. Nxh3 d3 47. Nf2 d2 48. Be7 Nxf2 49. Bxf6+ Kxf6 50. Kh6 d1Q 51. Kh7 Qh5+ 52. Kg8 Qf7+ 0-1

[Event "Titled Tuesday intern op 26th Sep Early"]
[Site "Chess.com INT"]
[Date "2023.09.26"]
[Round "6"]
[White "Garcia Correa, Jose Ricardo"]
[Black "Ernst, Luca"]
[Result "0-1"]
[WhiteElo "2103"]
[BlackElo "2093"]
[PlyCount "60"]
[EventDate "2023.09.26"]
[EventType "swiss (blitz)"]
[EventRounds "11"]
[EventCountry "USA"]
[SourceTitle "EXT 2024"]
[Source "ChessBase"]
[SourceDate "2023.10.10"]
[SourceVersion "1"]
[SourceVersionDate "2023.10.10"]
[SourceQuality "1"]

1. e4 c5 2. Nf3 d6 3. d4 cxd4 4. Nxd4 Nf6 5. Nc3 Bd7 6. f4 Nc6 7. Nb3 g6 8. h3 Bg7 9. Qf3 a5 10. a3 a4 11. Nd2 Nd4 12. Qd3 Nh5 13. Be2 Nxf4 14. Qf3 Nxf3+ 15. Bxf3 e6 16. 0-0 Bd4+ 17. Kh2 h5 18. Nc4 Be5 19. g3 Nxh3 20. Kxh3 g5 21. Kg2 g4 22. Be2 h4 23. Nxe5 dxe5 24. Bxg4 hxg3 25. Bh3 Qh4 26. Rh1 Bc6 27. Bd2 Bxe4+ 28. Nxe4 Qxe4+ 29. Kxg3 0-0-0 30. Bg2 Rdg8+ 0-1

[Event "Titled Tuesday intern op 26th Sep Early"]
[Site "Chess.com INT"]
[Date "2023.09.26"]
[Round "1"]
[White "Jaskolka, Tomasz"]
[Black "Ernst, Luca"]
[Result "1-0"]
[WhiteElo "2228"]
[BlackElo "2093"]
[PlyCount "81"]
[EventDate "2023.09.26"]
[EventType "swiss (blitz)"]
[EventRounds "11"]
[EventCountry "USA"]
[SourceTitle "EXT 2024"]
[Source "ChessBase"]
[SourceDate "2023.10.10"]
[SourceVersion "1"]
[SourceVersionDate "2023.10.10"]
[SourceQuality "1"]

1. d4 d5 2. Nc3 Nf6 3. Bf4 a6 4. e3 Bf5 5. Nf3 e6 6. Ne5 Nbd7 7. g4 Bg6 8. h4 Bb4 9. h5 Nxe5 10. Bxe5 Be4 11. f3 Nxg4 12. fxe4 Nxe3 13. Qd3 Nxf1 14. Qxf1 f6 15. Bf4 dxe4 16. 0-0-0 Bxc3 17. bxc3 Qd5 18. Kb2 0-0-0 19. Qe2 g5 20. hxg6 hxg6 21. Rxh8 Rxh8 22. c4 Qf5 23. Rf1 Qa5 24. Qxe4 Qb4+ 25. Kc1 Qxc4 26. Re1 Re8 27. Qxg6 Re7 28. Qd3 Qxa2 29. Qc3 Qa4 30. Kd2 e5 31. Be3 Rd7 32. Qb3 Qc6 33. c3 exd4 34. Bxd4 Qg2+ 35. Kc1 Qg5+ 36. Kb2 Qg2+ 37. Kc1 Qg5+ 38. Kb1 Qd2 39. Re8+ Rd8 40. Qe6+ Kb8 41. Rxd8# 1-0

[Event "Titled Tuesday intern op 26th Sep Early"]
[Site "Chess.com INT"]
[Date "2023.09.26"]
[Round "8"]
[White "Parfenov, Viktor N"]
[Black "Ernst, Luca"]
[Result "1-0"]
[WhiteElo "2193"]
[BlackElo "2093"]
[PlyCount "55"]
[EventDate "2023.09.26"]
[EventType "swiss (blitz)"]
[EventRounds "11"]
[EventCountry "USA"]
[SourceTitle "EXT 2024"]
[Source "ChessBase"]
[SourceDate "2023.10.10"]
[SourceVersion "1"]
[SourceVersionDate "2023.10.10"]
[SourceQuality "1"]

1. e4 c5 2. Nf3 d6 3. Bb5+ Nc6 4. 0-0 Bd7 5. Re1 a6 6. Bf1 g6 7. c3 Bh6 8. d4 Bxc1 9. Qxc1 cxd4 10. cxd4 Rc8 11. Nc3 Bg4 12. Qe3 Nf6 13. d5 Nb4 14. Nd4 e5 15. dxe6 Bxe6 16. Qh6 Ng4 17. Qf4 0-0 18. Nxe6 fxe6 19. Qxg4 Nc2 20. Qxe6+ Kh8 21. Rad1 Nxe1 22. Rxe1 Qb6 23. Re2 Rce8 24. Qb3 Qd4 25. Qd5 Qb6 26. Rd2 Rf6 27. Qd4 Qd8 28. Nd5 1-0

[Event "EU-ch U14 31st"]
[Site "Mamaia"]
[Date "2023.09.12"]
[Round "7"]
[White "Ernst, Luca"]
[Black "Lissillour, Baptiste"]
[Result "0-1"]
[WhiteElo "2093"]
[BlackElo "2239"]
[PlyCount "74"]
[EventDate "2023.09.05"]
[EventType "swiss"]
[EventRounds "9"]
[EventCountry "ROU"]
[SourceTitle "EXT 2024"]
[Source "ChessBase"]
[SourceDate "2023.10.10"]
[SourceVersion "1"]
[SourceVersionDate "2023.10.10"]
[SourceQuality "1"]

1. Nf3 Nf6 2. g3 b6 3. Bg2 Bb7 4. 0-0 g6 5. d3 d5 6. Nbd2 Bg7 7. e4 dxe4 8. dxe4 0-0 9. e5 Ng4 10. Re1 Na6 11. h3 Nh6 12. b3 Qd7 13. Bb2 Nc5 14. Qe2 Rad8 15. Rad1 Ne6 16. Nc4 Qc8 17. Ne3 Qa8 18. c4 Rfe8 19. Rxd8 Rxd8 20. Rd1 Bf8 21. Ba3 c5 22. Bb2 Bc6 23. Nd5 Nf5 24. g4 Nfg7 25. Qe3 Nc7 26. Nc3 Rxd1+ 27. Nxd1 Nge6 28. Nc3 Nd4 29. Ne1 Bxg2 30. Nxg2 Bg7 31. Ne1 Qc6 32. Ne2 Nxe2+ 33. Qxe2 Bh6 34. Qd3 Ne6 35. Ng2 Qxg2+ 36. Kxg2 Nf4+ 37. Kf3 Nxd3 0-1

[Event "EU-ch U14 31st"]
[Site "Mamaia"]
[Date "2023.09.08"]
[Round "4"]
[White "Gkavardinas, Antonios"]
[Black "Ernst, Luca"]
[Result "0-1"]
[WhiteElo "2280"]
[BlackElo "2093"]
[PlyCount "60"]
[EventDate "2023.09.05"]
[EventType "swiss"]
[EventRounds "9"]
[EventCountry "ROU"]
[SourceTitle "EXT 2024"]
[Source "ChessBase"]
[SourceDate "2023.10.10"]
[SourceVersion "1"]
[SourceVersionDate "2023.10.10"]
[SourceQuality "1"]

1. e4 c5 2. Nf3 e6 3. d4 cxd4 4. Nxd4 Nf6 5. Nc3 Nc6 6. Nxc6 bxc6 7. e5 Nd5 8. Ne4 Qc7 9. f4 Rb8 10. c4 Bb4+ 11. Ke2 0-0 12. a3 Ba5 13. b4 f5 14. cxd5 fxe4 15. d6 Qb7 16. bxa5 Qb5+ 17. Ke1 Qc5 18. g3 g5 19. Be2 e3 20. Kf1 Qxe5 21. Ra2 gxf4 22. Kg2 fxg3 23. Bf3 c5 24. hxg3 Rxf3 25. Kxf3 Bb7+ 26. Ke2 Ba6+ 27. Kf3 Rf8+ 28. Kg4 Qe4+ 29. Kh3 e2 30. Qe1 Rf1 0-1

[Event "Titled Tuesday intern op 22nd Aug Early"]
[Site "Chess.com INT"]
[Date "2023.08.22"]
[Round "8"]
[White "Ernst, Luca"]
[Black "Efremov, Vladislav"]
[Result "0-1"]
[WhiteElo "2154"]
[BlackElo "2349"]
[PlyCount "70"]
[EventDate "2023.08.22"]
[EventType "swiss (blitz)"]
[EventRounds "11"]
[EventCountry "USA"]
[SourceTitle "EXT 2024"]
[Source "ChessBase"]
[SourceDate "2023.10.10"]
[SourceVersion "1"]
[SourceVersionDate "2023.10.10"]
[SourceQuality "1"]

1. d4 Nf6 2. c4 g6 3. f3 Bg7 4. e4 d6 5. Nc3 0-0 6. Nge2 a6 7. Be3 c6 8. a4 a5 9. g4 Na6 10. g5 Nd7 11. Ng3 e5 12. h4 Nb4 13. d5 cxd5 14. exd5 f5 15. gxf6 Qxf6 16. Be2 h6 17. Nce4 Qe7 18. h5 g5 19. Qd2 Nf6 20. 0-0-0 Bd7 21. Nxf6+ Bxf6 22. b3 Rac8 23. Ne4 Bf5 24. Kb2 Qh7 25. Nxd6 Rcd8 26. Nxf5 Qxf5 27. Kc1 e4 28. fxe4 Qxe4 29. Rhe1 Rfe8 30. Bd4 Bxd4 31. Qxd4 Qe3+ 32. Qxe3 Rxe3 33. Bg4 Rxb3 34. Re7 Rc3+ 35. Kb2 Rxc4 0-1

[Event "Titled Tuesday intern op 06th Jun Early"]
[Site "Chess.com INT"]
[Date "2023.06.06"]
[Round "10"]
[White "Manukian, Artak"]
[Black "Ernst, Luca"]
[Result "1-0"]
[WhiteElo "2196"]
[BlackElo "2168"]
[PlyCount "27"]
[EventDate "2023.06.06"]
[EventType "swiss (blitz)"]
[EventRounds "11"]
[EventCountry "USA"]
[SourceTitle "EXT 2024"]
[Source "ChessBase"]
[SourceDate "2023.10.10"]
[SourceVersion "1"]
[SourceVersionDate "2023.10.10"]
[SourceQuality "1"]

1. e4 c5 2. Nf3 e6 3. c3 Nf6 4. e5 Nd5 5. d4 cxd4 6. cxd4 b6 7. Nc3 Nxc3 8. bxc3 Bb7 9. Bd3 Qc7 10. 0-0 Qxc3 11. Bg5 h6 12. Rc1 Qa3 13. Rc7 Bd5 14. Rc8# 1-0

[Event "Titled Tuesday intern op 09th May Early"]
[Site "Chess.com INT"]
[Date "2023.05.09"]
[Round "3"]
[White "Vivas Zamora, Fabian Ernesto"]
[Black "Ernst, Luca"]
[Result "1-0"]
[WhiteElo "2346"]
[BlackElo "2306"]
[PlyCount "83"]
[EventDate "2023.05.09"]
[EventType "swiss (blitz)"]
[EventRounds "11"]
[EventCountry "USA"]
[SourceTitle "CBM 214 Extra"]
[Source "ChessBase"]
[SourceDate "2023.07.31"]
[SourceVersion "1"]
[SourceVersionDate "2023.07.31"]
[SourceQuality "1"]

1. e4 c5 2. Nc3 Nc6 3. Bb5 Nd4 4. Nf3 a6 5. Bd3 Nc6 6. 0-0 e6 7. Nd5 Nge7 8. Re1 d6 9. Ne3 g6 10. c3 Bg7 11. Bc2 0-0 12. d4 b6 13. h4 h6 14. Ng4 h5 15. Ne3 cxd4 16. Nxd4 Nxd4 17. cxd4 Bb7 18. b3 Rc8 19. Ba3 Nc6 20. e5 dxe5 21. Bxf8 Qxf8 22. d5 exd5 23. Nxd5 Nd4 24. Be4 Bxd5 25. Bxd5 Qd8 26. Bc4 b5 27. Bf1 Qxh4 28. Rc1 Rxc1 29. Qxc1 Qe7 30. Qc8+ Kh7 31. Qxa6 h4 32. Re3 Qf6 33. Qxf6 Bxf6 34. a4 b4 35. a5 Bd8 36. Rxe5 Nc6 37. Rd5 Bxa5 38. Rc5 Nd4 39. Rxa5 Nxb3 40. Rb5 Nd4 41. Rxb4 Nc2 42. Rxh4+ 1-0

[Event "FRA-ch Blitz Online Qual"]
[Site "Europe Echecs INT"]
[Date "2020.05.16"]
[Round "4"]
[White "Lamaze, Simon"]
[Black "Ernst, Luca"]
[Result "1-0"]
[WhiteElo "2185"]
[BlackElo "1660"]
[PlyCount "145"]
[EventDate "2020.05.16"]
[EventType "swiss (blitz)"]
[EventRounds "15"]
[EventCountry "FRA"]
[SourceTitle "CBM 196 Extra"]
[Source "ChessBase"]
[SourceDate "2020.07.31"]
[SourceVersion "1"]
[SourceVersionDate "2020.07.31"]
[SourceQuality "1"]

1. d4 Nf6 2. Nf3 g6 3. g3 Bg7 4. Bg2 d5 5. 0-0 0-0 6. c4 e6 7. Ne5 Nbd7 8. Nc3 Nxe5 9. dxe5 Ng4 10. cxd5 exd5 11. Nxd5 Nxe5 12. e4 c6 13. Nc3 Qxd1 14. Rxd1 Bg4 15. Rf1 Rad8 16. Bg5 Rd7 17. f3 Be6 18. f4 Ng4 19. f5 gxf5 20. exf5 Bd4+ 21. Kh1 Bc4 22. Ne4 Bxf1 23. Rxf1 f6 24. Bc1 Ne3 25. Re1 Nxg2 26. Kxg2 Re7 27. Kf3 Rfe8 28. b3 Kf7 29. Nd6+ Kf8 30. Bh6+ Kg8 31. Ne4 Be5 32. Be3 b6 33. Bf2 c5 34. h4 Kg7 35. g4 h6 36. Be3 Bd4 37. Bf4 Be5 38. Bc1 b5 39. g5 hxg5 40. hxg5 a5 41. gxf6+ Bxf6 42. Rg1+ Kf7 43. Nd6+ Kf8 44. Bh6+ Bg7 45. Bxg7+ Rxg7 46. Rxg7 Kxg7 47. Nxe8+ Kf7 48. Nd6+ Kf6 49. Nxb5 Kxf5 50. Na3 Ke5 51. Nc4+ Kd4 52. Nxa5 Kc3 53. Nb7 Kb2 54. Nxc5 Kxa2 55. Ke4 Ka3 56. Kd5 Kb4 57. Kc6 Ka5 58. Kd5 Kb4 59. Kd4 Ka5 60. Kc4 Kb6 61. b4 Kc6 62. b5+ Kb6 63. Kb4 Kc7 64. Na4 Kb7 65. Ka5 Ka7 66. b6+ Kb7 67. Kb5 Ka8 68. Nc5 Kb8 69. Kc6 Kc8 70. b7+ Kb8 71. Na6+ Ka7 72. b8Q+ Kxa6 73. Qb6# 1-0